Дело о разрешении подвергать испытанию студентов лицеев, которые пожелают перейти в Московский университет, из всех предметов, к...

Доступно только в Электронных читальных залах Найти на картеНа карте
RUSMARC
00003808nmc2a22000003x 450
00181027a73-52fb-4dc7-974d-f66dc6e23450
00520180711045546.0
100##$a20160414l18671867k l0rusy0189 ca
1010#$arus
102##$aRU
2001#$aДело о разрешении подвергать испытанию студентов лицеев, которые пожелают перейти в Московский университет, из всех предметов, которые требуются от поступающих в университет
$j16-18 октября 1867 г.
251##$cДело
300##$aДело
801#0$aRU
$bРГИА
$c20160414
$gRCR
801#1$aRU
$bГлавНИВЦ
$c20160414
$2rusmarc
801#2$aRU
$bПБ им. Б.Н. Ельцина
$c20180711
$gRCR
$2rusmarc
850##$aРГИА
852##$aРГИА
$eФедеральное казенное учреждение "Российский государственный исторический архив" (РГИА)
$j687
937##$hРГИА
$d12195627
$aASBIBLIO_SCAN
462#0$100175ee99a9-5750-4f16-9283-bc673fb37de8
$12001
$aДела разряда высших учебных заведений Департамента народного просвещения за 1838-1872 гг.
$1251
$cОпись
$1852
$j147
461#0$1001a74412a3-3cc5-4d21-8f0a-dfe2fbd9e72d
$12001
$aДепартамент народного просвещения Министерства народного просвещения (1803-1917)
$1251
$cФонд
$1852
$j733
215##$a4 л.
$d36,5х26 см
371##$aДокумент не является опубликованным и широко распространяемым
105##$ay###
1222#$ad
035##$a81027a73-52fb-4dc7-974d-f66dc6e23450
856##$uhttp://readingroom.main.prlib.ru/item.aspx?id_node=n117077914&mode=full
Формат отображения